Rhymes to Gold Eggs and Meat Quiz Stats

 Plays Quiz not verified by Sporcle

Challenge
Share
Tweet
Embed
Score 0/15 Timer 07:00
0 Plays Today
% Correct
meat
87.5%
seat
50%
eat
37.5%
Japan
37.5%
Rodan
37.5%
A la mode
37.5%
toad
37.5%
salt
37.5%
% Correct
San Andreas Fault
37.5%
cod
37.5%
rod
37.5%
cloud
37.5%
loud
37.5%
weight
25%
hate
25%

You're not logged in!

Compare scores with friends on all Sporcle quizzes.
OR
Log In

You Might Also Like...

Show Comments

Extras

Created Jan 21, 2011ReportNominate
Tags:egg, gold, meat, rhyme

Top Quizzes Today


Score Distribution

Your Account Isn't Verified!

In order to create a playlist on Sporcle, you need to verify the email address you used during registration. Go to your Sporcle Settings to finish the process.

Report this User

Report this user for behavior that violates our Community Guidelines.

Details: